000 01155nam a2200313Ia 4500
005 20220317000259.0
007 ta
008 210831s2018 ck sp 0 sea d s spdspa d
020 _a9788430925223
040 _aCO-BoRNBP
_bspa
_erda
_cCO-BoRNBP
082 0 4 _a320.092
_bP25
_222
245 0 3 _aEl pensamiento político en sus textos
_bde Platón a Marx
_cJuan Botella, Carlos Cañeque y Eduardo Gonzalo
250 _aPrimera edición
_bReimpresion
264 1 _aMadrid
_bEditorial Tecnos
_c2010
_c2018
300 _a454 páginas
_c24 cm
336 _atexto
_btxt
_2rdacontent
337 _asin mediación
_bn
_2rdamedia
338 _avolumen
_bnc
_2rdacarrier
490 0 _aColección Semilla y surco
_pCiencia política
504 _aIncluye bibliografía
521 _aRecomendado para un público adulto
650 1 7 _aCiencia política
_vTeorías
_2LEMB
650 1 7 _aCiencia política
_vColección de escritos
_2LEMB
650 1 7 _aFilosofía política
_vColección de escritos
_2LEMB
700 1 _aBotella, Juan
_eeditor
_9186853
700 1 _aCañeque, Carlos,
_d1957-
_eeditor
_9186854
700 1 _aGonzalo, Eduardo
_eeditor
_9186855
942 _2ddc
_cBK
999 _c3605
_d3605